Crossing To Talikota/ (Record no. 167375)

MARC details
000 -LEADER
fixed length control field 00523nam a22001817a 4500
005 - DATE AND TIME OF LATEST TRANSACTION
control field 20190829162622.0
010 ## - LCCN (DPL NO)
LC control number ENG-126365
020 ## - INTERNATIONAL STANDARD BOOK NUMBER
Terms of availability 350.00
International Standard Book Number 9780-19-949615-3
035 ## - SYSTEM CONTROL NUMBER
System control number EN-109897
037 ## - SOURCE OF ACQUISITION
Source of stock number/acquisition DBAD/PUB
082 ## - DEWEY DECIMAL CLASSIFICATION NUMBER
Classification number 822
100 ## - MAIN ENTRY--PERSONAL NAME
Personal name Karnad,Girish
245 ## - TITLE STATEMENT
Title Crossing To Talikota/
Statement of responsibility, etc by Girish Karnad
260 ## - PUBLICATION, DISTRIBUTION, ETC. (IMPRINT)
Name of publisher, distributor, etc Published By Oxford
Date of publication, distribution, etc 2019
Place of publication, distribution, etc Delhi
270 ## - ADDRESS
Address 2/11 Ground Floor,Ansari Road, Daryaganj,
City Delhi
Postal code 110002
300 ## - PHYSICAL DESCRIPTION
Extent xi78p.
Dimensions 21cm(pbk)
942 ## - ADDED ENTRY ELEMENTS (KOHA)
Source of classification or shelving scheme Dewey Decimal Classification
Item type English Books
Classification part 822
Call number suffix KAR
Holdings
Withdrawn status Lost status Not for loan Collection code Home library Current library Date acquired Source of acquisition Cost, normal purchase price Full call number Barcode Copy number Cost, replacement price Koha item type
      Fiction Shahdara Branch Shahdara Branch 29/08/2019 DBAD/PUB 350.00 822 KAR EN-109897 1 350.00 English Books

© Delhi Public Library
Hit Counter
free hit counter